000 00300nam a22001337a 4500
008 170609b xxu||||| |||| 00| 0 eng d
020 _a9780842025553
041 _aeng
080 _a94(7/8)
100 _a18
101 _aSHH
245 _aMODERN AMERICAN DIPLOMACY
_cCARROLL,J.M
942 _2udc
_cBK
999 _c16726
_d16726